000 00624nam a22002417a 4500
003 UA-OsUOA
001 55230
007 ta
008 20080902b un ||||| |||| 00| 0 ukr d
100 _aФихте И.
090 _a141
_bФ65
942 _cBK
040 _aUA-OsUOA
_brus
_cUA-OsUOA
_dUA-OsUOA
245 _aФакты сознания. Назначение человека. Наукоучение.
300 _a784 с.
955 _a2
041 _arus
080 _a141
020 _a985-433-911-4
260 _aМ.
_bАСТ
_c2000
650 7 _a1 Філософські науки
_2UDC
999 _c341310
_d341310